| 000 | 00399nam a22001577a 4500 | ||
|---|---|---|---|
| 003 | OSt | ||
| 005 | 20220107122822.0 | ||
| 008 | 161020b xxu||||| |||| 00| 0 eng d | ||
| 040 | _cIIITMK | ||
| 100 |
_aGokul R (93615004) _910949 |
||
| 245 | _aMAC spoofing detection using RSSI | ||
| 300 | _aCSIS - Mini Project | ||
| 650 |
_aCOMPUTER NETWORKS _911369 |
||
| 650 |
_aSPOOFING _911370 |
||
| 942 |
_2ddc _cPR |
||
| 999 |
_c5451 _d5451 |
||